Elementary principles of chemical processes (Record no. 25348)

000 -LEADER
fixed length control field 00647nam a2200217 a 4500
001 - CONTROL NUMBER
control field 25348
003 - CONTROL NUMBER IDENTIFIER
control field BD-DhUET
008 - FIXED-LENGTH DATA ELEMENTS--GENERAL INFORMATION
fixed length control field 850517s1986 nyua b 001 0 eng
040 ## - CATALOGING SOURCE
Original cataloging agency DLC
Transcribing agency DLC
Modifying agency BD-DhUET
082 00 - DEWEY DECIMAL CLASSIFICATION NUMBER
Classification number 660.284
Item number FEL/1986
100 ## - MAIN ENTRY--PERSONAL NAME
Personal name Felder, Richard M.
245 10 - TITLE STATEMENT
Title Elementary principles of chemical processes
250 ## - EDITION STATEMENT
Edition statement 2nd ed.
260 ## - PUBLICATION, DISTRIBUTION, ETC. (IMPRINT)
Place of publication, distribution, etc. New York
Name of publisher, distributor, etc. John Wiley & Sons
Date of publication, distribution, etc. 1986
300 ## - PHYSICAL DESCRIPTION
Extent xix, 668 p.
Other physical details ill.
Dimensions 25 cm.
490 ## - SERIES STATEMENT
Series statement Wiley series in chemical engineering
504 ## - BIBLIOGRAPHY, ETC. NOTE
Bibliography, etc Includes bibliographies
650 #0 - SUBJECT ADDED ENTRY--TOPICAL TERM
Topical term or geographic name as entry element Chemical processes, Pressure, Temperature, Energy
700 ## - ADDED ENTRY--PERSONAL NAME
Personal name Rousseau, Ronald W.
942 ## - ADDED ENTRY ELEMENTS (KOHA)
Koha item type General Book
Holdings
Koha issues (times borrowed) Koha date last borrowed Location (home branch) Koha full call number Koha item type Damaged status Sublocation or collection (holding branch) Koha normalized classification for sorting Lost status Withdrawn status Koha date last seen Date acquired Not for loan Shelving location Piece designation (barcode) Source of classification or shelving scheme Price effective from Copy number
12022-11-21Central Library, BUET660.284/FEL/1986General Book Central Library, BUET660_284000000000000_FEL_1986  2022-11-222015-05-14 Circulation section70553 2015-05-141
12017-10-16Central Library, BUET660.284/FEL/1986General Book Central Library, BUET660_284000000000000_FEL_1986  2017-12-132015-05-14 Circulation section70552 2015-05-142
  Central Library, BUET660.284/FEL/1986Reading Item Central Library, BUET660_284000000000000_FEL_1986  2015-06-202015-06-20 Reading section68089 2015-06-203
  Central Library, BUET660.284/FEL/1986Reading Item Central Library, BUET660_284000000000000_FEL_1986  2015-06-202015-06-20 Reading section68090 2015-06-204
  Central Library, BUET660.284/FEL/1986Reading Item Central Library, BUET660_284000000000000_FEL_1986  2015-06-202015-06-20 Reading section68092 2015-06-205
  Central Library, BUET660.284/FEL/1986Reading Item Central Library, BUET660_284000000000000_FEL_1986  2015-06-302015-06-30 Reading section68091 2015-06-306